| 000 | 01233cam a22002295a 4500 | ||
|---|---|---|---|
| 001 | E148764 | ||
| 008 | 091106s2007 sz f 000 0 eng d | ||
| 035 | _a(Sirsi) u148764 | ||
| 041 | 0 | _aeng | |
| 050 | 0 | 4 | _a658.477 $2 18 |
| 245 | 0 | 0 |
_aHandbook on housing and property restitution for refugees and displaced persons _bimplementing the 'Pinheiro Principles' |
| 260 |
_a[Geneva] _b[United Nations] _c2007 |
||
| 300 |
_a112p. _c25cm. |
||
| 505 | 2 | _aScope and application -- The right to housing and property restitution -- Overarching principles -- The right to voluntary return in safety and dignity -- Legal, policy, procedural and institutional implementation mechanisms -- The role of the international community, including international organisations -- Interpretation | |
| 520 | _aProvides guidance to those working on housing and property restitution issues relating to internally displaced persons and refugees. | ||
| 521 | _aAdvanced | ||
| 590 | _aKA | ||
| 651 | 4 | _aInternational | |
| 690 | _aPROPERTY | ||
| 856 |
_uhttps://www.ohchr.org/en/publications/policy-and-methodological-publications/handbook-housing-and-property-restitution _zAvailable on the UN website in English, French and Spanish |
||
| 942 |
_n0 _2ddc |
||
| 999 |
_c110214 _d110214 |
||